Online Public Access Catalog -OPAC

Container and transportable libraries: experiments in cornwall, derbyshire and bradford (Record no. 13486)

MARC details
000 -LEADER
fixed length control field 00459nam a2200109Ia 4500
008 - FIXED-LENGTH DATA ELEMENTS--GENERAL INFORMATION
fixed length control field 180412s9999||||xx |||||||||||||| ||und||
020 ## - INTERNATIONAL STANDARD BOOK NUMBER
International Standard Book Number 853658811
040 ## - CATALOGING SOURCE
Original cataloging agency Ahmadu Bello University Library - Zaria
100 ## - MAIN ENTRY--PERSONAL NAME
Personal name Pybus, Ron
245 #0 - TITLE STATEMENT
Title Container and transportable libraries: experiments in cornwall, derbyshire and bradford
Statement of responsibility, etc. by Ron Pybus, Paul Turner, W. Davies
260 ## - PUBLICATION, DISTRIBUTION, ETC.
Place of publication, distribution, etc. Sudbury
Name of publisher, distributor, etc. Branch and Mobile Libraries Group of the Library Association
Date of publication, distribution, etc. 1978
300 ## - PHYSICAL DESCRIPTION
Extent 21p. (4)p. of plates

No items available.

Customized by ICT Technical Service Unit on 29th Dec 2022

Kashim Ibrahim Library